Introduction to structurally stable systems of differential equations

Αποθηκεύτηκε σε:
Λεπτομέρειες βιβλιογραφικής εγγραφής
Κύριος συγγραφέας: Pilyugin, Sergei Yurievitch 1947-
Μορφή: Βιβλίο
Γλώσσα:English
Δημοσίευση: Basel ; Boston : Birkhauser, 1992
Θέματα:
Ετικέτες: Προσθήκη ετικέτας
Δεν υπάρχουν, Καταχωρήστε ετικέτα πρώτοι!

MARC

LEADER 00000nam a2200000 i 4500
001 1/76354
008 990527s1992 eng d
020 |a 3-7643-2574-7 
035 |l 10049581 
040 |a GR-MY-UA  |b gre  |e aacr 
041 0 |a eng 
082 0 |a 515.35 
100 1 |a Pilyugin, Sergei Yurievitch  |d 1947- 
245 1 0 |a Introduction to structurally stable systems of differential equations /  |c Sergei Yu. Pilyugin ; translated by the author 
260 |a Basel ; Boston :   |b Birkhauser,   |c 1992 
300 |a ix, 188 p.;  |b ill.;  |c 24 cm. 
500 |a Includes bibliographical references and index 
650 0 0 |a Differential equations. 
650 0 0 |a Stability. 
852 |a INST  |b SAMOS  |e 19990527  |h 515.35 PIL  |p 005300014862  |q 005300014862  |t BK  |y 0 
901 |a BIBL3-1999-2 
909 |a Σ  |b 064559 
922 |a 3ΕΛΗ  |b 199903  |c ΚΠΣ  |d GLORY